[Event "Kecskemet"]
[Site "Kecskemet"]
[Date "1992.??.??"]
[Round "4"]
[White "Braeuning, Rudolf Wilhelm"]
[Black "Blatny, Pavel"]
[Result "0-1"]
[WhiteElo "2415"]
[BlackElo "2480"]

1.e4 c5 2.c3 d5 3.exd5 Qxd5 4.d4 Nf6 5.Nf3 Nc6 6.Be3 cxd4 7.cxd4 e6 8.Nc3 Qd6
9.a3 a6 10.Bd3 Be7 11.O-O O-O 12.Qe2 b5 13.Rad1 Bb7 14.Bg5 Rad8 15.Rfe1 Qb8
16.Ne4 Nd5 17.Nc5 Bc8 18.Qe4 g6 19.Qh4 Qa7 20.b4 h5 21.Ne5 Bxg5 22.Qxg5 Nce7
23.Qh6 Nf6 24.Bb1 Rd5 25.h3 Rfd8 26.Nb3 R5d6 27.Rc1 Ne8 28.Rc3 Bb7 29.Rg3 Ng7
30.Qf4 Nef5 31.Bxf5 exf5 32.Rc3 Be4 33.Nc5 Bd5 34.Rd1 Qe7 35.Qd2 Ba8 36.Rd3 Be4
37.Nxe4 fxe4 38.Rc3 Qxe5 39.dxe5 Rxd2 40.Rxd2 Rxd2 41.Rc8+ Kh7 42.Rc7 Rd1+
43.Kh2 Rd5  0-1

[Event "Kecskemet2"]
[Site "Kecskemet"]
[Date "1992.??.??"]
[Round "7"]
[White "Lyrberg, Patrik"]
[Black "Blatny, Pavel"]
[Result "0-1"]
[WhiteElo "2425"]
[BlackElo "2515"]

1.e4 e5 2.Nf3 Nc6 3.Bc4 h6 4.O-O d6 5.c3 Qf6 6.d3 Nge7 7.Be3 g5 8.Nbd2 Ng6
9.d4 Bg7 10.dxe5 dxe5 11.Be2 Nf4 12.Bxf4 exf4 13.Qa4 O-O 14.h3 h5 15.Nh2 Qh6
16.Rfd1 Qg6 17.f3 Ne5 18.Nc4 Nxc4 19.Qxc4 Qb6+ 20.Kf1 Qxb2 21.Qc5 Qxc3 22.Qxg5 Qe5
23.Qh4 Be6 24.Rab1 b6  0-1

[Event "Kecskemet"]
[Site "Kecskemet"]
[Date "1992.??.??"]
[Round "9"]
[White "Blatny, Pavel"]
[Black "Schlosser, Philipp"]
[Result "1/2-1/2"]
[WhiteElo "2480"]
[BlackElo "2485"]

1.e4 c5 2.c3 d5 3.exd5 Qxd5 4.d4 Nf6 5.Nf3 Bg4 6.Be2 e6 7.h3 Bh5 8.O-O Nc6
9.Be3 cxd4 10.Nxd4 Nxd4 11.Bxd4 Bxe2 12.Qxe2 Be7 13.Rd1 Qc6 14.Nd2 O-O 15.Qc4 Rfc8
16.Qxc6 Rxc6 17.Nb3 Kf8 18.Rd3 Ke8 19.Rad1 Ra6 20.a3 Rc8 21.g3 g6 22.Nd2 Rd6
23.Nf3 a6 24.Kf1 Rd5 25.Ne5 Nd7 26.Nxd7 Kxd7 27.a4 Ke8 28.Ke2 h5 29.g4 hxg4
30.hxg4 e5 31.Bb6 Rxd3 32.Kxd3 Rc6 33.Be3 Rd6+ 34.Kc2 Rxd1 35.Kxd1 f5 36.gxf5 gxf5
37.Ke2 Kd7 38.f3 Kc6 39.Kd3  1/2-1/2

[Event "Kecskemet"]
[Site "Kecskemet"]
[Date "1992.??.??"]
[Round "12"]
[White "Stajcic, Nikola"]
[Black "Blatny, Pavel"]
[Result "0-1"]
[WhiteElo "2320"]
[BlackElo "2480"]

1.Nf3 Nf6 2.c4 d6 3.d4 Nbd7 4.Nc3 e5 5.Bg5 Be7 6.e3 c6 7.Qc2 Qc7 8.Be2 O-O
9.O-O Re8 10.Rac1 Nf8 11.Bh4 a6 12.h3 Nh5 13.Rfd1 g6 14.Bxe7 Qxe7 15.c5 dxc5
16.dxe5 Bf5 17.Bd3 Bxd3 18.Rxd3 c4 19.Rd4 b5 20.g4 Ng7 21.Rd6 Nd7 22.Ne4 Kh8
23.Rxd7 Qxd7 24.Nf6 Qe7 25.Nxe8 Rxe8 26.Rd1 Rd8 27.Rxd8+ Qxd8 28.Qe4 Qd5
29.Qf4 Kg8 30.Ng5 h6 31.Ne4 Ne8 32.h4 a5 33.h5 gxh5 34.gxh5 Qd1+ 35.Kg2 Qxh5
36.Ng3 Qg6 37.Qh4 Ng7 38.Qd8+ Kh7 39.Qxa5 h5 40.Qd8 Nf5 41.Kh2 Nxg3 42.fxg3 Qc2+
43.Kh3 Qf5+  0-1

[Event "Muenster"]
[Site "Muenster"]
[Date "1992.??.??"]
[Round "1"]
[White "Schlosser, Michael"]
[Black "Blatny, Pavel"]
[Result "1/2-1/2"]
[WhiteElo "2385"]
[BlackElo "2515"]

1.e4 e5 2.Bc4 Nf6 3.Nc3 Nc6 4.d3 Bb4 5.Ne2 d5 6.exd5 Nxd5 7.Bd2 Be6 8.Bxd5 Bxd5
9.O-O Be6 10.f4 f6 11.Kh1 O-O 12.f5 Bf7 13.Ng3 Qe7 14.Qg4 Rad8 15.Nge4 Kh8
16.Qh4 Nd4 17.Rac1 c5 18.g4 Qd7 19.Nxf6 gxf6 20.Qxf6+ Kg8 21.Qg5+ Kh8 22.Qf6+ Kg8
23.Qg5+ Kh8  1/2-1/2

[Event "Muenster"]
[Site "Muenster"]
[Date "1992.??.??"]
[Round "2"]
[White "Blatny, Pavel"]
[Black "Hoffmann, Michael"]
[Result "0-1"]
[WhiteElo "2515"]
[BlackElo "2425"]

1.Nf3 Nf6 2.b3 c5 3.Bb2 e6 4.g3 b6 5.Bg2 Bb7 6.O-O Be7 7.d3 d5 8.Nbd2 O-O
9.Re1 Nc6 10.e4 Qc7 11.exd5 Nxd5 12.Ne4 Rad8 13.Qd2 f6 14.Qe2 e5 15.c4 Ndb4
16.Red1 Nd4 17.Nxd4 exd4 18.Bc1 f5 19.Nd2 Rde8 20.Bxb7 Qxb7 21.Qf3 Qd7 22.a3 Nc6
23.Qg2 f4 24.Re1 fxg3 25.hxg3 Bd8 26.Rxe8 Rxe8 27.Qf1 Ne5 28.f4 Ng4 29.Ne4 Nf6
30.Nxf6+ Bxf6 31.Ra2 Qg4 32.Kg2 h5 33.Qf3 Re1 34.Qxg4 hxg4 35.Bd2 Rb1 36.Kf2 Rxb3
37.Ke2 Kf7 38.a4 Rb1 39.a5 b5 40.cxb5 Rxb5 41.a6 Bd8 42.Kd1 Ke6 43.Kc2 Kd5
44.Ra4 Rb6 45.Ra1 Bf6 46.f5 Kc6 47.Ra3 Be5 48.Ra1 c4 49.Ra5 cxd3+ 50.Kxd3 Bxg3
51.Kxd4 Bf2+ 52.Ke4 g3 53.Ra1 g2 54.Rc1+ Kd7 55.Be3 g1=Q 56.Rxg1 Bxg1 57.Bxg1 Rxa6
58.Bc5 Ra4+ 59.Kf3 Ke8  0-1

[Event "Muenster"]
[Site "Muenster"]
[Date "1992.??.??"]
[Round "3"]
[White "Libeau, Rene"]
[Black "Blatny, Pavel"]
[Result "0-1"]
[WhiteElo "2420"]
[BlackElo "2515"]

1.c4 e5 2.Nc3 Nc6 3.g3 g6 4.Bg2 Bg7 5.d3 f5 6.Nf3 Nf6 7.O-O O-O 8.Rb1 a5
9.a3 d6 10.b4 axb4 11.axb4 h6 12.b5 Ne7 13.Bb2 g5 14.Qb3 Ng6 15.Ra1 Rxa1
16.Rxa1 Be6 17.Ra7 Nd7 18.Ba3 e4 19.dxe4 g4 20.exf5 Rxf5 21.Rxb7 gxf3 22.exf3 Qf6
23.Rxc7 Rxf3 24.Bb2 Rxf2  0-1

[Event "Muenster"]
[Site "Muenster"]
[Date "1992.??.??"]
[Round "4"]
[White "Luecke, Norbert"]
[Black "Blatny, Pavel"]
[Result "0-1"]
[WhiteElo "2410"]
[BlackElo "2515"]

1.e4 e5 2.Nf3 Nc6 3.Bb5 a6 4.Ba4 Nf6 5.d4 exd4 6.O-O Be7 7.Re1 b5 8.e5 Nxe5
9.Rxe5 d6 10.Re1 bxa4 11.Nxd4 Bd7 12.Qf3 O-O 13.Nc6 Bxc6 14.Qxc6 Rb8 15.Nc3 a3
16.b3 Rb6 17.Qa4 d5 18.Bxa3 Bxa3 19.Qxa3 Rc6 20.Ne2 d4 21.Qb4 Rxc2 22.Qa4 c5
23.Qxa6 d3 24.Nf4 d2 25.Red1 Re8  0-1

[Event "Muenster"]
[Site "Muenster"]
[Date "1992.??.??"]
[Round "5"]
[White "Blatny, Pavel"]
[Black "Forintos, Gyozo V"]
[Result "1-0"]
[WhiteElo "2515"]
[BlackElo "2465"]

1.d4 Nf6 2.Nf3 c5 3.c3 b6 4.Bf4 Bb7 5.e3 g6 6.h4 Bg7 7.Nbd2 d6 8.Bd3 Qc8
9.Qa4+ Bc6 10.Qc2 Qg4 11.O-O-O Nh5 12.Bh2 Qxg2 13.d5 Bxd5 14.Be4 Bc6 15.Bxd6 O-O
16.Bxb8 Raxb8 17.Rh2 Qg4 18.Bxc6 Qe6 19.Qa4 b5 20.Bxb5 Qb6 21.Nc4 Qxb5 22.Qxb5 Rxb5
23.Rd7 Re8 24.Rxa7 Nf6 25.Kc2 Ng4 26.Rg2 h5 27.a4 Rbb8 28.Rc7 Rbc8 29.Rxc8 Rxc8
30.a5 Rb8 31.Nb6 e5 32.Nd2 Rb7 33.Ndc4 Bf8 34.f3 Nh6 35.e4 Be7 36.Nxe5 Bxh4
37.Nc6 Kf8 38.Nd5 Rd7 39.a6 g5  1-0

[Event "Muenster"]
[Site "Muenster"]
[Date "1992.??.??"]
[Round "8"]
[White "Emunds, Hans Georg"]
[Black "Blatny, Pavel"]
[Result "0-1"]
[WhiteElo "2315"]
[BlackElo "2515"]

1.e4 e5 2.Nf3 Nc6 3.Bb5 Nge7 4.O-O a6 5.Bc4 Ng6 6.d4 Be7 7.d5 Nb8 8.Bd3 d6
9.c4 O-O 10.Nc3 Nd7 11.Be3 b6 12.b4 Nf4 13.g3 Nxd3 14.Qxd3 a5 15.a3 Nf6 16.Kg2 Nh5
17.Ng1 f5 18.f3 Qe8 19.c5 bxc5 20.bxc5 Ba6 21.Qc2 f4 22.Bf2 fxg3 23.hxg3 Bxf1+
24.Rxf1 dxc5 25.a4 Qg6 26.Nge2 Bd6 27.Rh1 Rf7 28.g4 Raf8 29.Rh3 Nf6 30.Be3 h5
31.g5 Nh7 32.Qd2 Be7  0-1

[Event "Muenster"]
[Site "Muenster"]
[Date "1992.??.??"]
[Round "9"]
[White "Blatny, Pavel"]
[Black "Padevsky, Nikola"]
[Result "1-0"]
[WhiteElo "2515"]
[BlackElo "2400"]

1.e4 e5 2.Nf3 Nc6 3.Bb5 a6 4.Ba4 Nf6 5.O-O Be7 6.Bxc6 dxc6 7.Qe1 Nd7 8.b3 c5
9.Bb2 f6 10.Nh4 O-O 11.Nc3 Nb8 12.Ne2 Nc6 13.d3 Bd6 14.Nf5 Re8 15.Nxd6 Qxd6
16.f4 exf4 17.Nxf4 Nd4 18.Qd1 Bd7 19.Rf2 f5 20.exf5 Bxf5 21.Qd2 Bd7 22.Raf1 Rf8
23.c3 Ne6 24.Ne2 Bc6 25.Ng3 Rxf2 26.Qxf2 Rf8 27.Nf5 Qd7 28.c4 Kh8 29.Qg3 Rd8
30.Nh6 Nd4 31.Rf7  1-0

[Event "Muenster"]
[Site "Muenster"]
[Date "1992.??.??"]
[Round "10"]
[White "Gauglitz, Gernot"]
[Black "Blatny, Pavel"]
[Result "1-0"]
[WhiteElo "2435"]
[BlackElo "2515"]

1.d4 Nf6 2.Nf3 d5 3.c4 e6 4.Nc3 Nbd7 5.e3 dxc4 6.Bxc4 a6 7.a4 b6 8.O-O Bb7
9.Qe2 Bb4 10.Bd3 Bd6 11.e4 e5 12.Bg5 h6 13.Bh4 exd4 14.Nxd4 Ne5 15.Rad1 O-O
16.Nf5 Ng6 17.Nxd6 Qxd6 18.Bg3 Ne5 19.Bb1 Qc5 20.Rc1 Qe7 21.f4 Ned7 22.e5 Nh7
23.Qd3 g6 24.Nd5 Bxd5 25.Qxd5 Nc5 26.Bxg6 Rad8 27.Qc4 Qe6 28.Bxh7+ Kxh7 29.Qc2+ Qg6
30.f5 Qg4 31.e6 fxe6 32.fxe6+ Qg6 33.Qxg6+ Kxg6 34.e7 Rxf1+ 35.Rxf1 Re8 36.Bh4 Kg7
37.a5 bxa5 38.Rf6 Rxe7 39.Rc6 Re4 40.Rxc7+ Kg6 41.Rxc5 Rxh4 42.Rxa5 Rb4 43.Rxa6+ Kg5
44.Ra2 h5 45.Kf2 h4 46.Ke3 h3 47.gxh3 Rh4 48.Ra3 Rb4 49.b3 Rh4 50.Kd3 Kf6
51.Ra2 Ke5 52.Re2+ Kd5 53.Re3 Kc5 54.Rg3 Rh8 55.Ke4 Kb4 56.Kf5 Ka3 57.Kf6 Rh5
58.Kg7 Rh4 59.Kg6 Rh8 60.Kf6 Rh5 61.Rf3 Rh8 62.Kg6 Kb4 63.Rf4+ Kxb3 64.h4 Rg8+
65.Kh7 Rg2 66.h5 Rxh2 67.h6 Rg2 68.Kh8  1-0

[Event "Muenster"]
[Site "Muenster"]
[Date "1992.??.??"]
[Round "11"]
[White "Blatny, Pavel"]
[Black "Schaefer, Markus"]
[Result "1/2-1/2"]
[WhiteElo "2515"]
[BlackElo "2435"]

1.d4 Nf6 2.Nf3 b6 3.g3 Bb7 4.Bg2 e6 5.O-O Be7 6.Bg5 O-O 7.Nbd2 d5 8.c3 c5
9.Re1 Nbd7 10.Rc1 h6 11.Bxf6 Nxf6 12.Ne5  1/2-1/2

[Event "Stare Mesto"]
[Site "Stare Mesto"]
[Date "1992.??.??"]
[Round "1"]
[White "Blatny, Pavel"]
[Black "Haba, Petr"]
[Result "1/2-1/2"]
[WhiteElo "2515"]
[BlackElo "2505"]

1.Nf3 Nf6 2.g3 g6 3.Bg2 Bg7 4.O-O O-O 5.c4 c6 6.Nc3 d5 7.cxd5 cxd5 8.d4 e6
9.Bf4 Nc6 10.Rc1 Ne4 11.Ne5 Nxc3 12.Rxc3 Nxe5 13.Bxe5  1/2-1/2

[Event "Stare Mesto"]
[Site "Stare Mesto"]
[Date "1992.??.??"]
[Round "2"]
[White "Blatny, Pavel"]
[Black "Chernyshov, Konstantin"]
[Result "1-0"]
[WhiteElo "2515"]
[BlackElo "2485"]

1.d4 c5 2.c3 Nf6 3.Nf3 e6 4.Bf4 Nc6 5.e3 Be7 6.Nbd2 Nh5 7.Bg3 b6 8.Nc4 Nxg3
9.hxg3 d6 10.d5 Nb8 11.Qd3 h6 12.O-O-O O-O 13.dxe6 Bxe6 14.Nxd6 Nd7 15.Qb1 Qc7
16.Nf5 Bf6 17.g4 Rfd8 18.g5 hxg5 19.Ne7+ Kf8 20.Nd5 Bxd5 21.Rxd5 Ne5 22.Nxe5 Bxe5
23.Qe4 Rxd5 24.Qxd5 Rb8 25.Rh8+ Ke7 26.Rxb8 Qxb8 27.Bc4 f6 28.Qf7+ Kd6 29.Qe6+ Kc7
30.Qe7+ Kc6 31.a4 Qc7 32.Qe8+  1-0

[Event "Stare Mesto"]
[Site "Stare Mesto"]
[Date "1992.??.??"]
[Round "4"]
[White "Blatny, Pavel"]
[Black "Gipslis, Aivars"]
[Result "1/2-1/2"]
[WhiteElo "2515"]
[BlackElo "2465"]

1.e4 d6 2.d4 Nf6 3.Nc3 g6 4.Nf3 Bg7 5.Be2 O-O 6.O-O c6 7.a4 Qc7 8.Bf4 Nh5
9.Be3 e5 10.Qd2 Nd7 11.Rfd1 Nhf6 12.h3 exd4 13.Bxd4 Re8 14.Bc4 Ne5 15.Nxe5 dxe5
16.Bc5 Bf8 17.Bxf8 Kxf8 18.Qh6+ Kg8 19.Rd3 Be6 20.Bxe6 Rxe6 21.Rad1 Rae8
22.b3 R6e7 23.Qh4 Kg7 24.Ne2 Rd7 25.Ng3 Rxd3 26.Rxd3 Qe7 27.Qg5 Kh8 28.Qd2 Kg7
29.Qg5 Kh8 30.Qd2 Kg7 31.b4 h6 32.Rd6 Rc8 33.c4 c5 34.b5 Rc7 35.a5 Rd7 36.Rxd7 Qxd7
37.Qxd7 Nxd7 38.Ne2 Kf6 39.f3 Ke7 40.Kf2 Nf8 41.Nc3 Ne6 42.Ke3 Nd4 43.f4 Nb3
44.a6 bxa6 45.bxa6 Na5 46.Nb5 Nc6 47.g3 Ke6 48.Ke2 Nb4 49.Nxa7 Nxa6 50.Nc6 f6
51.Nd8+ Ke7 52.Nb7 g5 53.f5 h5 54.Na5 Nc7 55.Nb3 Kd6 56.Nd2 Ne8 57.Nf1 Ke7
58.Ne3 Nd6 59.Kd3 Kf8 60.Nd5 Kf7 61.Nc7 Nb7 62.Na6 Kg8 63.Kc2 Nd6 64.Kd3 Nb7
65.Kc3 Kf7 66.Kc2 Nd6 67.Kd3 Nb7 68.Kc3 Kg8 69.Kd3 Kf7 70.Nc7 Ke7 71.Nb5 Nd6
72.Nc3 Kf8 73.Nb1 Kf7 74.Nd2 Ke7 75.Nb3 Nb7 76.Kc3 Kd7  1/2-1/2

[Event "Stare Mesto"]
[Site "Stare Mesto"]
[Date "1992.??.??"]
[Round "5"]
[White "Lanc, Alois"]
[Black "Blatny, Pavel"]
[Result "1-0"]
[WhiteElo "2460"]
[BlackElo "2515"]

1.e4 e5 2.Nf3 Nc6 3.Bb5 a6 4.Ba4 Nf6 5.O-O Be7 6.d3 b5 7.Bb3 O-O 8.Nc3 d6
9.Nd5 Na5 10.Nxe7+ Qxe7 11.Bg5 Nxb3 12.axb3 h6 13.Bxf6 Qxf6 14.Qd2 Bb7 15.b4 Qe7
16.g3 g5 17.g4 Qd7 18.h3 f5 19.gxf5 Rxf5 20.exf5 Bxf3 21.Kh2 Qxf5 22.Rg1 Kh7
23.d4 e4 24.Rg3 Kg6 25.Qe3 Qd5 26.c4 bxc4 27.Ra5 Qf7 28.Rgxg5+ hxg5 29.Qxg5+ Kh7
30.Qh4+ Kg7 31.Rg5+ Kf8 32.Qh6+ Ke7 33.Rg7 Rg8 34.Rxf7+ Kxf7 35.h4 Rg2+ 36.Kh3 Rxf2
37.d5 Rg2 38.Qe6+ Kg7 39.Qe7+ Kh6 40.Qxc7 Rg6 41.Qxc4 Kh5 42.Qc3 Bg4+ 43.Kg3 Bd7+
44.Kf2 Kxh4 45.Qh8+ Kg4 46.Ke3 Bb5 47.Kxe4 Kg5 48.Qh3 Rf6 49.Qg3+ Kh6 50.Qg4 Bf1
51.b5 Bxb5 52.Kd4 Bf1 53.Kc3 Bb5 54.Kb4 Rg6 55.Qh4+ Kg7 56.Qe7+ Kh6 57.Qh4+ Kg7
58.Ka5 Rf6 59.Kb6 Kf7 60.Kc7 Rg6 61.Qh7+ Rg7 62.Qf5+ Ke8+ 63.Kxd6 Rd7+ 64.Kc5 Rc7+
65.Kb6 Rd7 66.b3 Rd6+ 67.Kc5 Rd7 68.d6 Ra7 69.Kd5 Rd7 70.Qh5+ Rf7 71.Qe5+ Kd8
72.Ke6 Be8 73.Qd5 Ra7 74.Qa5+ Kc8 75.Qc5+ Kb8 76.Qb6+  1-0

[Event "Stare Mesto"]
[Site "Stare Mesto"]
[Date "1992.??.??"]
[Round "6"]
[White "Blatny, Pavel"]
[Black "Plachetka, Jan"]
[Result "1-0"]
[WhiteElo "2515"]
[BlackElo "2475"]

1.d4 Nf6 2.Nf3 g6 3.Nc3 d5 4.Bf4 Bg7 5.e3 O-O 6.Be2 c5 7.dxc5 Qa5 8.Nd2 Qxc5
9.Nb3 Qb6 10.O-O Nc6 11.Bf3 e6 12.a4 Na5 13.Nxa5 Qxa5 14.Bd6 Rd8 15.Be5 Bd7
16.Qd4 Ne8 17.Bxg7 Nxg7 18.e4 Bc6 19.exd5 Nf5 20.Qe5 Nh4 21.Bg4 Bxd5 22.Ne4 h5
23.c4 hxg4 24.Nf6+ Kf8 25.Nxd5 exd5 26.Qh8+ Ke7 27.Qxh4+ Kd7 28.Qxg4+ Kc7
29.Qf4+  1-0

[Event "Stare Mesto"]
[Site "Stare Mesto"]
[Date "1992.??.??"]
[Round "7"]
[White "Guliev, Sarhan"]
[Black "Blatny, Pavel"]
[Result "0-1"]
[WhiteElo "2470"]
[BlackElo "2515"]

1.d4 Nf6 2.c4 e6 3.Nc3 d5 4.Bg5 dxc4 5.e3 Be7 6.Bxc4 c5 7.Nf3 cxd4 8.exd4 O-O
9.O-O Nc6 10.Re1 a6 11.a3 b5 12.Ba2 Bb7 13.Qd3 b4 14.Bb1 g6 15.Na4 bxa3 16.bxa3 Qa5
17.Nc5 Nxd4 18.Qxd4 Bxf3 19.Bxg6 Qxc5 20.Bxf6 fxg6  0-1

[Event "Stare Mesto"]
[Site "Stare Mesto"]
[Date "1992.??.??"]
[Round "8"]
[White "Blatny, Pavel"]
[Black "Glek, Igor V"]
[Result "1/2-1/2"]
[WhiteElo "2515"]
[BlackElo "2520"]

1.e4 e6 2.d4 d5 3.Nd2 c5 4.exd5 Qxd5 5.Ngf3 cxd4 6.Bc4 Qd6 7.O-O Nf6 8.Nb3 Nc6
9.Nbxd4 Nxd4 10.Nxd4 Bd7 11.c3 Qc7 12.Qe2 Be7 13.Bg5 O-O 14.Rad1 Rfe8 15.Bh4 Nd5
16.Bg3 Nf4 17.Bxf4 Qxf4 18.Nf5 Bc6 19.Nxe7+ Rxe7 20.Bb5 Qc7 21.Bxc6 Qxc6
22.Rd2 Rd7 23.Rxd7 Qxd7 24.Rd1 Qe7 25.Qd3 a6 26.Kf1 Re8 27.h3 g6 28.Qd6 Qxd6
29.Rxd6 Kf8 30.Rd7 Re7 31.Rd8+ Re8 32.Rxe8+ Kxe8 33.Ke2 Kd7 34.Kd3 Kd6 35.Kc4 e5
36.a4 b6 37.Kb4 f5 38.Kc4 Kc6 39.h4 Kd6 40.b3 Kc6 41.Kb4 Kd5 42.c4+ Kc6 43.a5 h6
44.axb6 Kxb6 45.c5+ Kc6 46.Kc4 a5 47.b4 axb4 48.Kxb4 g5 49.hxg5 hxg5 50.f3 f4
51.Kc4 e4 52.fxe4 g4 53.Kd3 Kxc5 54.e5 Kd5 55.e6 Kxe6 56.Ke4 f3  1/2-1/2

[Event "Andorra op"]
[Site "Andorra"]
[Date "1993.??.??"]
[Round "6"]
[White "Sion Castro, Marcelino"]
[Black "Blatny, Pavel"]
[Result "0-1"]
[WhiteElo "2385"]
[BlackElo "2510"]

1.e4 e5 2.Nf3 Nc6 3.Bb5 a6 4.Ba4 Nf6 5.O-O Be7 6.d3 b5 7.Bb3 d6 8.a4 Bd7
9.axb5 axb5 10.Rxa8 Qxa8 11.Nc3 Na5 12.Ba2 b4 13.Nd5 Nxd5 14.Bxd5 c6 15.Ba2 c5
16.Bg5 b3 17.Bxb3 Nxb3 18.Bxe7 Kxe7 19.cxb3 Rb8 20.Nd2 Qa6 21.Nc4 Be6 22.f4 exf4
23.Rxf4 Qa2 24.e5 d5 25.Nd6 Qxb2 26.Qh5 f6 27.Nf5+ Bxf5 28.exf6+ Qxf6 29.Rxf5 Qd4+
30.Kf1 Qxd3+ 31.Kf2 Qxf5+  0-1

[Event "Andorra op"]
[Site "Andorra"]
[Date "1993.??.??"]
[Round "7"]
[White "Blatny, Pavel"]
[Black "Roeder, Mathias"]
[Result "1-0"]
[WhiteElo "2510"]
[BlackElo "2425"]

1.d4 Nf6 2.Nf3 g6 3.Nc3 d5 4.Bf4 Bg7 5.e3 O-O 6.Be2 c5 7.dxc5 Nbd7 8.O-O Nxc5
9.Be5 Nce4 10.Nxe4 Nxe4 11.Bxg7 Kxg7 12.Qd4+ Nf6 13.Rfd1 Qa5 14.h3 Bf5 15.g4 Bxc2
16.Rdc1 Be4 17.g5 Rac8 18.Ne5 Bf5 19.Bg4 Be6 20.Bxe6 fxe6 21.Nd7 Rxc1+ 22.Rxc1 Rf7
23.Nc5 Qb6 24.Qe5 h6 25.gxf6+ exf6 26.Nxe6+ Kh7 27.Qxd5 Re7 28.Nf4  1-0

[Event "AUT-chT"]
[Site "?"]
[Date "1993.??.??"]
[Round "?"]
[White "Keitlinghaus, Ludger"]
[Black "Blatny, Pavel"]
[Result "0-1"]
[WhiteElo "2455"]
[BlackElo "2505"]

1.e4 c5 2.c4 Nc6 3.Nc3 g6 4.g3 Bg7 5.Bg2 h5 6.h3 Nf6 7.d3 d6 8.Nge2 Nh7 9.Be3 e5
10.Nd5 O-O 11.Qd2 Be6 12.f4 Bxd5 13.cxd5 Nd4 14.O-O Bh6 15.Nxd4 cxd4 16.Bf2 h4
17.Qe2 Nf6 18.fxe5 dxe5 19.Bf3 hxg3 20.Bxg3 Qd6 21.Bg4 Kg7 22.Rf3 Bg5 23.Kg2 Nxg4
24.hxg4 Rac8 25.Rh1 Rc7 26.Bf2 Rh8 27.Rxh8 Kxh8 28.Qd1 Kg7 29.Qa4 Qd8 30.Rh3 Qc8
31.d6 Rc6 32.Qb5 Bf4 33.Rf3 Rxd6 34.Bg3 Qc1  0-1

[Event "AUT-chT"]
[Site "?"]
[Date "1993.??.??"]
[Round "?"]
[White "Blatny, Pavel"]
[Black "Jurek, Josef"]
[Result "1-0"]
[WhiteElo "2515"]
[BlackElo "2305"]

1.e4 e6 2.d4 d5 3.Nc3 Bb4 4.e5 c5 5.a3 Bxc3+ 6.bxc3 Ne7 7.Qg4 Kf8 8.a4 Qc7
9.Kd1 b6 10.a5 bxa5 11.Ba3 cxd4 12.Bd6 Qb6 13.Nf3 Nc6 14.Nxd4 Kg8 15.Bd3 Bd7
16.Nxc6 Nxc6 17.h4 d4 18.h5 dxc3 19.Rh4 g6 20.Ke2 Kg7 21.Rah1 Nb4 22.hxg6  1-0

[Event "Brno"]
[Site "Brno"]
[Date "1993.??.??"]
[Round "1"]
[White "Malaniuk, Vladimir P"]
[Black "Blatny, Pavel"]
[Result "1/2-1/2"]
[WhiteElo "2635"]
[BlackElo "2510"]

1.d4 Nf6 2.c4 e6 3.Nf3 d5 4.Nc3 Nbd7 5.Bg5 Bb4 6.cxd5 exd5 7.Qc2 c5 8.a3 Bxc3+
9.Qxc3 h6 10.Bxf6 Qxf6 11.e3 O-O 12.Bb5 cxd4 13.Qxd4 Qxd4 14.Nxd4 Nb6 15.Rc1 a6
16.Be2 Bd7 17.Rc7 Rab8 18.Kd2 Rfd8 19.Rhc1 Kf8 20.b3 Ke8 21.Bf3 Rdc8 22.Kd3 Rxc7
23.Rxc7 Kd8 24.Rc5 Be6 25.e4 Nd7 26.Rc3 Ne5+ 27.Ke3 Nxf3 28.Kxf3 dxe4+ 29.Kxe4 Kd7
30.Nxe6 Kxe6 31.Rc7 g6 32.b4 f5+ 33.Ke3 Ke5 34.f4+ Ke6 35.h4 h5 36.a4 Kd5
37.Kd3 b5 38.Rc5+ Kd6 39.axb5 axb5 40.Ke3 Re8+ 41.Kf3 Re4 42.Rxb5 Kc6 43.Rb8 Re6
44.g3 Re7 45.b5+ Kc5 46.b6 Re6  1/2-1/2

[Event "Brno"]
[Site "Brno"]
[Date "1993.??.??"]
[Round "3"]
[White "Blatny, Pavel"]
[Black "Schlosser, Philipp"]
[Result "1-0"]
[WhiteElo "2510"]
[BlackElo "2550"]

1.c4 e5 2.g3 Nf6 3.Bg2 d5 4.cxd5 Nxd5 5.Nc3 Nb6 6.Nf3 Nc6 7.d3 Be7 8.O-O O-O
9.a3 Re8 10.b4 Bf8 11.Bb2 Bg4 12.Rc1 Nd4 13.Nxd4 exd4 14.Ne4 c6 15.h3 Be6
16.Nc5 Rb8 17.Re1 g6 18.Rc2 Bg7 19.Qa1 Nd5 20.e3 Nc7 21.Kh2 Bf5 22.e4 Be6
23.f4 a5 24.bxa5 Nb5 25.a6 b6 26.Nxe6 Rxe6 27.e5 c5 28.Qa2 Nc7 29.a7 Rc8
30.Bb7 Ra8 31.Bxa8 Nxa8 32.Qc4 Qd7 33.Bxd4 Qxa7 34.Bb2  1-0

[Event "Brno"]
[Site "Brno"]
[Date "1993.??.??"]
[Round "6"]
[White "Hracek, Zbynek"]
[Black "Blatny, Pavel"]
[Result "0-1"]
[WhiteElo "2510"]
[BlackElo "2510"]

1.e4 e5 2.Nf3 Nc6 3.Bb5 a6 4.Ba4 Nf6 5.O-O Be7 6.Re1 b5 7.Bb3 O-O 8.a4 Bb7
9.d3 d6 10.c3 Nd7 11.Be3 Bf6 12.Na3 b4 13.Nc4 Rb8 14.a5 bxc3 15.bxc3 Ne7
16.Ba4 Ng6 17.Rb1 Ba8 18.Qc2 Rxb1 19.Rxb1 Be7 20.d4 exd4 21.Nxd4 Nge5 22.Nxe5 Nxe5
23.c4 Bg5 24.Nf5 g6 25.Bxg5 Qxg5 26.Ne3 Nf3+ 27.Kh1 Qf4 28.g3 Qh6 29.h4 Nd2
30.Qxd2 Bxe4+ 31.Kh2 Bxb1 32.Qb2 Bf5 33.Nd5 Qg7 34.Nf6+ Kh8 35.f3 h5 36.Bc6 Be6
37.Kg1 Rd8 38.Qd4 Rb8 39.c5 dxc5 40.Qe5 c4 41.Qd4 Rf8 42.Kf2 Rc8 43.f4 Rb8
44.Ke1 c3 45.Qxc3 Rd8 46.Qe5 Bf5 47.Qb2 Bg4 48.Qe5 Bh3 49.Qb2 Bf5 50.Kf1 Bd3+
51.Kg1 Bb5 52.Bxb5 Rd6 53.Bxa6 Rxf6 54.Bb7 Rf5 55.Qxg7+ Kxg7 56.a6 Ra5 57.Kf2 Ra3  0-1

[Event "Brno"]
[Site "Brno"]
[Date "1993.??.??"]
[Round "7"]
[White "Blatny, Pavel"]
[Black "Boensch, Uwe"]
[Result "1-0"]
[WhiteElo "2510"]
[BlackElo "2525"]

1.e4 c5 2.c3 d5 3.exd5 Qxd5 4.d4 Nf6 5.Nf3 Nc6 6.dxc5 Qxc5 7.Na3 e5 8.Nb5 Qe7
9.b3 Bg4 10.Ba3 Qd8 11.Bd6 Bxd6 12.Qxd6 Qxd6 13.Nxd6+ Ke7 14.Nxb7 Rab8 15.Nc5 Rhd8
16.Nd2 Rd5 17.Nce4 Nxe4 18.Nxe4 Bf5 19.Nd2 Rbd8 20.O-O-O e4 21.Be2 Ne5 22.Nc4 Nd3+
23.Bxd3 exd3 24.Rhe1+ Kf6 25.Nd2 g5 26.Kb2 h5 27.Re3 h4 28.c4 Rd4 29.Kc3 Rf4
30.f3 Rfd4 31.Ne4+ Bxe4 32.Rxe4 Rxe4 33.fxe4 Ke5 34.Rxd3 Rh8 35.Rf3 f6 36.Rf5+ Kxe4
37.Rxf6 h3 38.Rf2 g4 39.gxh3 Rxh3+ 40.Kb4  1-0

[Event "Gausdal Int"]
[Site "Gausdal"]
[Date "1993.??.??"]
[Round "1"]
[White "Fossan, Erik"]
[Black "Blatny, Pavel"]
[Result "0-1"]
[WhiteElo "2315"]
[BlackElo "2510"]

1.e4 e5 2.Nf3 Nc6 3.Bc4 h6 4.d4 exd4 5.O-O Bc5 6.c3 d3 7.b4 Bb6 8.a4 a6 9.Qb3 Qe7
10.e5 g5 11.h3 Nxe5 12.Nxe5 Qxe5 13.Bxf7+ Kf8 14.Nd2 Qg7 15.Bc4 Nf6 16.Bxd3 g4
17.hxg4 Rg8 18.Bc4 Rh8 19.Nf3 d6 20.Nd4 Bxg4 21.Ne6+ Bxe6 22.Bxe6 Re8 23.Bh3 Ne4
24.Be3 Rg8 25.Bxb6 cxb6 26.Rad1 Qf6 27.c4 Re5 28.Rd5 Rxd5 29.cxd5 Nd2 30.Qd3 Nxf1
31.Qxf1 Rg7 32.g3 Re7 33.Be6 Rc7 34.Qd3 Kg7 35.Kg2 Rc3 36.Qe4 b5 37.Qg4+ Qg5
38.Qd4+ Qe5 39.Qb6 Qe4+ 40.Kh2 Rf3 41.axb5 axb5 42.Bh3 Qxb4 43.Bg2 Rf7 44.f4 Qc5
45.Qa5 b4  0-1

[Event "Gausdal Int"]
[Site "Gausdal"]
[Date "1993.??.??"]
[Round "6"]
[White "Blatny, Pavel"]
[Black "Engedal, Kim Nikolai"]
[Result "1-0"]
[WhiteElo "2510"]
[BlackElo "2240"]

1.d4 d5 2.Nf3 e6 3.Bf4 Bd6 4.Bg3 c5 5.e3 Nc6 6.Nbd2 Nge7 7.c3 O-O 8.Bd3 cxd4
9.exd4 a6 10.Qe2 Ng6 11.Ne5 Bxe5 12.dxe5 f5 13.exf6 Qxf6 14.O-O Nf4 15.Bxf4 Qxf4
16.Bc2 Bd7 17.Rae1 Rac8 18.Nf3 Rce8 19.Qd3 g6 20.Re3 Na5 21.Nd4 Qd6 22.b3 e5
23.Ne2 Nc6 24.Qd2 Ne7 25.Ng3 Nf5 26.Bxf5 Bxf5 27.Rd1 Rd8 28.Nxf5 Rxf5 29.Rd3 e4
30.Rd4 Qf6 31.Rxe4 Rc8 32.Rd4 Rf8 33.f3 Qb6 34.Kh1 Re8 35.Rxd5 Rxd5 36.Qxd5+ Qe6
37.h4 Qxd5 38.Rxd5 Re7 39.Kg1 Kf7 40.Kf2 Ke6 41.c4 b5 42.Rd4 Rb7 43.c5 Rc7
44.b4  1-0

[Event "Gausdal Int"]
[Site "Gausdal"]
[Date "1993.??.??"]
[Round "8"]
[White "Blatny, Pavel"]
[Black "Hillarp Persson, Tiger"]
[Result "1-0"]
[WhiteElo "2510"]
[BlackElo "2300"]

1.e4 c6 2.d4 d5 3.e5 Bf5 4.h4 h5 5.c4 e6 6.Nc3 Nd7 7.cxd5 cxd5 8.Be2 Ne7
9.Bg5 Qb6 10.Qd2 Nc6 11.Rd1 Rc8 12.Bb5 a6 13.Bxc6 Qxc6 14.Nge2 Nb6 15.O-O Nc4
16.Qc1 b5 17.a3 a5 18.Ng3 g6 19.Nxf5 gxf5 20.Ne2 a4 21.Rd3 Kd7 22.Rg3 Qb6
23.Qb1 b4 24.axb4 Qxb4 25.Nc3 Kc6 26.Nxa4 Qxa4 27.b3 Qb5 28.bxc4 dxc4 29.Qc2 Bh6
30.Rb1 Qa6 31.Ra3  1-0